Gitarová škola

Podrobná bibliografia
Hlavní autori: Carulli (Autor), Carcassi (Autor), Carulli, Ferdinando (Autor), Carcassi, Matteo (Autor)
Médium: Kniha
Jazyk:slovenčina
Fyzický popis:159 s. 30x22 cm
Vydavateľské údaje: Bratislava Opus [vyd.] 1990
ISBN:8070930543
Vydanie:4. vyd.

MARC

LEADER 00000nam a2200000 a 4500
001 vtls001257576
003 SK-MaSNL
005 20260302023413.0
008 250414s1990 xo 0 slo
020 |a 8070930543 
035 |a SNK000208413 
040 |a SNK  |b slo  |c SNK  |e AACR2 
041 0 |a slo 
044 |a xo  |c SK 
080 |a 787.61.087.5  |2 1981 
100 1 |a Carulli  |4 aut  |9 670165 
245 1 0 |a Gitarová škola  |h Hudobnina  |c Carulli, Carcassi ; Ferdinand Carulli, Matteo Carcassi, Vojtěch Tukač 
250 |a 4. vyd. 
260 |a Bratislava  |b Opus [vyd.]  |c 1990  |e Partizánske  |f Západoslovenské tlačiarne 
300 |a 159 s.  |c 30x22 cm 
366 |e 10 000 výtl. 
500 |a Hudobnina. Prstoklady. 
500 |a Upr. Vojtěch Tukač. 
700 1 |a Carcassi  |4 aut  |9 670166 
700 1 |a Carulli, Ferdinando  |4 aut  |9 285350 
700 1 |a Carcassi, Matteo  |4 aut  |9 381333 
700 1 |a Tukač, Vojtěch  |4 oth  |9 670167 
852 |a Slovenská národná knižnica 
919 |a 80-7093-054-3 
924 |a gitara 
954 |a inštruktívna tvorba  |a školy pre gitaru  |a cvičenia  |a stupnice  |a etudy  |a skladby prednesové 
958 |a TL 
958 |a OND 
999 |c 1036321  |d 1038251 
952 |t P60, <04>, [BOOK], {604}  |a SNK  |b SNK  |y VYP  |7 0  |p 17A0034378  |o snkHSB 3087 D1  |0 0  |1 0  |4 0  |d 1997-01-24  |l 0  |r 2005-01-01 00:00:00  |w 2026-02-24